[Event "April 9 Early 2024"]
[Site "Chess.com"]
[Date "2024.04.09"]
[Round "5"]
[White "Parfenov, Viktor N."]
[Black "Vincenti, Leonardo"]
[Result "1-0"]
[Board "202"]
[WhiteFideId "4165969"]
[BlackFideId "28550820"]
[WhiteTitle "CM"]
[BlackTitle "CM"]
[WhiteElo "2464"]
[BlackElo "2293"]
[WhiteTeam "RUS"]
[BlackTeam "ITA"]
[WhiteClock "0:00:19"]
[BlackClock "0:00:13"]
[Variant "Standard"]

1. e4 {[%clk 0:03:00]}  e5 {[%clk 0:02:35]} 2. Nf3 {[%clk 0:03:00]}  Nf6 {[%clk 0:02:31]} 3. Nxe5 {[%clk 0:02:48]}  d6 {[%clk 0:02:28]} 4. Nf3 {[%clk 0:02:48]}  Nxe4 {[%clk 0:02:28]} 5. c4 {[%clk 0:02:48]}  Qe7 {[%clk 0:02:22]} 6. Be2 {[%clk 0:02:44]}  Bg4 {[%clk 0:02:21]} 7. O-O {[%clk 0:02:44]}  Nd7 {[%clk 0:02:19]} 8. Re1 {[%clk 0:02:36]}  g6 {[%clk 0:02:16]} 9. h3 {[%clk 0:02:30]}  Be6 {[%clk 0:02:15]} 10. d4 {[%clk 0:02:24]}  d5 {[%clk 0:02:01]} 11. Nc3 {[%clk 0:02:17]}  Nxc3 {[%clk 0:01:28]} 12. bxc3 {[%clk 0:02:18]}  O-O-O {[%clk 0:01:28]} 13. Ng5 {[%clk 0:01:48]}  h6 {[%clk 0:01:09]} 14. Nxe6 {[%clk 0:01:46]}  Qxe6 {[%clk 0:01:10]} 15. Bf3 {[%clk 0:01:42]}  Qf6 {[%clk 0:01:02]} 16. cxd5 {[%clk 0:01:35]}  Bd6 {[%clk 0:00:50]} 17. c4 {[%clk 0:01:29]}  h5 {[%clk 0:00:50]} 18. Rb1 {[%clk 0:01:20]}  Rhe8 {[%clk 0:00:30]} 19. Rxe8 {[%clk 0:01:16]}  Rxe8 {[%clk 0:00:31]} 20. c5 {[%clk 0:01:17]}  Bf4 {[%clk 0:00:21]} 21. d6 {[%clk 0:01:10]}  Bxc1 {[%clk 0:00:16]} 22. Bxb7+ {[%clk 0:01:06]}  Kd8 {[%clk 0:00:16]} 23. Rxc1 {[%clk 0:00:56]}  cxd6 {[%clk 0:00:05]} 24. c6 {[%clk 0:00:56]}  Nb6 {[%clk 0:00:04]} 25. c7+ {[%clk 0:00:56]}  Ke7 {[%clk 0:00:05]} 26. a4 {[%clk 0:00:51]}  Nc8 {[%clk 0:00:05]} 27. Qe2+ {[%clk 0:00:30]}  Kf8 {[%clk 0:00:05]} 28. Qxe8+ {[%clk 0:00:15]}  Kxe8 {[%clk 0:00:05]} 29. Bxc8 {[%clk 0:00:15]}  Qg5 {[%clk 0:00:02]} 30. Bd7+ {[%clk 0:00:15]}  Kxd7 {[%clk 0:00:02]} 31. c8=Q+ {[%clk 0:00:15]}  Ke7 {[%clk 0:00:03]} 32. Re1+ {[%clk 0:00:15]}  Kf6 {[%clk 0:00:03]} 33. Qd8+ {[%clk 0:00:15]}  Kf5 {[%clk 0:00:03]} 34. Qxg5+ {[%clk 0:00:13]}  Kxg5 {[%clk 0:00:04]} 35. Re7 {[%clk 0:00:14]}  Kf6 {[%clk 0:00:05]} 36. Rxa7 {[%clk 0:00:14]}  Ke6 {[%clk 0:00:06]} 37. Ra5 {[%clk 0:00:13]}  d5 {[%clk 0:00:06]} 38. Kf1 {[%clk 0:00:14]}  f5 {[%clk 0:00:06]} 39. Ke2 {[%clk 0:00:14]}  g5 {[%clk 0:00:06]} 40. f4 {[%clk 0:00:14]}  g4 {[%clk 0:00:07]} 41. h4 {[%clk 0:00:14]}  g3 {[%clk 0:00:07]} 42. Kf3 {[%clk 0:00:14]}  Kd6 {[%clk 0:00:07]} 43. Kxg3 {[%clk 0:00:15]}  Ke6 {[%clk 0:00:08]} 44. Rc5 {[%clk 0:00:15]}  Kd6 {[%clk 0:00:09]} 45. a5 {[%clk 0:00:16]}  Kd7 {[%clk 0:00:09]} 46. a6 {[%clk 0:00:17]}  Kd6 {[%clk 0:00:10]} 47. a7 {[%clk 0:00:18]}  Kd7 {[%clk 0:00:11]} 48. a8=Q {[%clk 0:00:18]}  Kd6 {[%clk 0:00:12]} 49. Qa6+ {[%clk 0:00:18]}  Ke7 {[%clk 0:00:13]} 50. Rb5 {[%clk 0:00:18]}  Kd7 {[%clk 0:00:13]} 51. Rb7+ {[%clk 0:00:19]}  Kc8 {[%clk 0:00:13]} 52. Qa8# {[%clk 0:00:19]} 1-0

[Event "April 9 Early 2024"]
[Site "Chess.com"]
[Date "2024.04.09"]
[Round "5"]
[White "Jimenez, Maria"]
[Black "Shevchuk, Olexandr"]
[Result "0-1"]
[Board "204"]
[WhiteFideId "3843866"]
[BlackFideId "14113775"]
[WhiteTitle "WFM"]
[WhiteElo "2293"]
[BlackElo "2448"]
[WhiteTeam "PER"]
[BlackTeam "UKR"]
[WhiteClock "0:00:00"]
[BlackClock "0:00:34"]
[Variant "Standard"]

1. e4 {[%clk 0:03:00]}  c5 {[%clk 0:02:59]} 2. Nf3 {[%clk 0:03:00]}  e6 {[%clk 0:02:59]} 3. d4 {[%clk 0:02:59]}  cxd4 {[%clk 0:02:59]} 4. Nxd4 {[%clk 0:03:00]}  Nc6 {[%clk 0:03:00]} 5. Nb5 {[%clk 0:03:00]}  d6 {[%clk 0:03:00]} 6. c4 {[%clk 0:02:58]}  Nf6 {[%clk 0:03:00]} 7. N1c3 {[%clk 0:02:57]}  a6 {[%clk 0:03:01]} 8. Nd4 {[%clk 0:02:57]}  Be7 {[%clk 0:03:00]} 9. Nc2 {[%clk 0:02:58]}  O-O {[%clk 0:03:00]} 10. Ne3 {[%clk 0:02:58]}  b6 {[%clk 0:03:00]} 11. Be2 {[%clk 0:02:59]}  Bb7 {[%clk 0:03:00]} 12. O-O {[%clk 0:02:59]}  Qc7 {[%clk 0:02:57]} 13. Qd2 {[%clk 0:03:00]}  Ne5 {[%clk 0:02:57]} 14. b3 {[%clk 0:03:00]}  Rac8 {[%clk 0:02:55]} 15. f3 {[%clk 0:02:58]}  b5 {[%clk 0:02:47]} 16. Bb2 {[%clk 0:02:35]}  b4 {[%clk 0:02:36]} 17. Na4 {[%clk 0:02:33]}  a5 {[%clk 0:02:36]} 18. Bd4 {[%clk 0:02:32]}  Ned7 {[%clk 0:02:35]} 19. Rfd1 {[%clk 0:02:28]}  Rfd8 {[%clk 0:02:34]} 20. Rac1 {[%clk 0:02:24]}  Nc5 {[%clk 0:02:34]} 21. Nb2 {[%clk 0:02:07]}  Nfd7 {[%clk 0:02:17]} 22. Nd3 {[%clk 0:02:02]}  Bf6 {[%clk 0:02:06]} 23. Bxf6 {[%clk 0:01:56]}  Nxf6 {[%clk 0:02:03]} 24. Nxc5 {[%clk 0:01:49]}  dxc5 {[%clk 0:02:01]} 25. Qc2 {[%clk 0:01:49]}  Nd7 {[%clk 0:01:57]} 26. g3 {[%clk 0:01:46]}  Ne5 {[%clk 0:01:57]} 27. f4 {[%clk 0:01:45]}  Nc6 {[%clk 0:01:57]} 28. Bf3 {[%clk 0:01:35]}  Nd4 {[%clk 0:01:57]} 29. Qg2 {[%clk 0:01:36]}  a4 {[%clk 0:01:56]} 30. Nc2 {[%clk 0:01:34]}  Nxf3+ {[%clk 0:01:44]} 31. Qxf3 {[%clk 0:01:35]}  axb3 {[%clk 0:01:44]} 32. axb3 {[%clk 0:01:34]}  f5 {[%clk 0:01:44]} 33. Rxd8+ {[%clk 0:01:21]}  Rxd8 {[%clk 0:01:45]} 34. Rd1 {[%clk 0:01:21]}  Bxe4 {[%clk 0:01:43]} 35. Rxd8+ {[%clk 0:01:21]}  Qxd8 {[%clk 0:01:44]} 36. Qe2 {[%clk 0:01:21]}  h6 {[%clk 0:01:31]} 37. Kf2 {[%clk 0:01:20]}  Qa8 {[%clk 0:01:24]} 38. Ne1 {[%clk 0:01:08]}  Qa3 {[%clk 0:01:22]} 39. Nd3 {[%clk 0:01:05]}  Qxb3 {[%clk 0:01:00]} 40. Nxc5 {[%clk 0:01:03]}  Qc2 {[%clk 0:01:01]} 41. Qxc2 {[%clk 0:00:38]}  Bxc2 {[%clk 0:01:00]} 42. Ke3 {[%clk 0:00:39]}  Kf7 {[%clk 0:00:59]} 43. Kd2 {[%clk 0:00:27]}  Bb1 {[%clk 0:00:59]} 44. Nd7 {[%clk 0:00:14]}  Ke7 {[%clk 0:00:56]} 45. Ne5 {[%clk 0:00:15]}  Kd6 {[%clk 0:00:57]} 46. Kc1 {[%clk 0:00:13]}  Be4 {[%clk 0:00:49]} 47. Kb2 {[%clk 0:00:12]}  Kc5 {[%clk 0:00:49]} 48. Kb3 {[%clk 0:00:12]}  g5 {[%clk 0:00:45]} 49. Nd7+ {[%clk 0:00:11]}  Kd6 {[%clk 0:00:44]} 50. Ne5 {[%clk 0:00:11]}  gxf4 {[%clk 0:00:37]} 51. gxf4 {[%clk 0:00:12]}  Kc5 {[%clk 0:00:37]} 52. Nf7 {[%clk 0:00:09]}  h5 {[%clk 0:00:36]} 53. Ne5 {[%clk 0:00:09]}  h4 {[%clk 0:00:35]} 54. h3 {[%clk 0:00:08]}  Bg2 {[%clk 0:00:34]} 55. Ng6 {[%clk 0:00:08]}  Bxh3 {[%clk 0:00:33]} 56. Nxh4 {[%clk 0:00:08]}  Bf1 {[%clk 0:00:34]} 57. Ng6 {[%clk 0:00:07]}  Bxc4+ {[%clk 0:00:34]} 58. Kc2 {[%clk 0:00:07]}  Kd4 {[%clk 0:00:35]} 59. Ne5 {[%clk 0:00:05]}  Bd5 {[%clk 0:00:35]} 60. Kd2 {[%clk 0:00:03]}  Ke4 {[%clk 0:00:36]} 61. Nd3 {[%clk 0:00:03]}  b3 {[%clk 0:00:35]} 62. Kc3 {[%clk 0:00:00]}  Ke3 {[%clk 0:00:34]} 0-1

[Event "April 9 Early 2024"]
[Site "Chess.com"]
[Date "2024.04.09"]
[Round "5"]
[White "Emeliantsev, Anatoliy"]
[Black "Leve, Nitai"]
[Result "0-1"]
[Board "210"]
[WhiteFideId "4160681"]
[BlackFideId "2006898"]
[WhiteTitle "FM"]
[WhiteElo "2260"]
[BlackElo "2432"]
[WhiteTeam "RUS"]
[BlackTeam "USA"]
[WhiteClock "0:00:00"]
[BlackClock "0:00:13"]
[Variant "Standard"]

1. d4 {[%clk 0:03:00]}  Nf6 {[%clk 0:02:57]} 2. c4 {[%clk 0:03:00]}  g6 {[%clk 0:02:57]} 3. Nc3 {[%clk 0:03:00]}  Bg7 {[%clk 0:02:58]} 4. e4 {[%clk 0:02:59]}  d6 {[%clk 0:02:57]} 5. f3 {[%clk 0:02:59]}  O-O {[%clk 0:02:49]} 6. Be3 {[%clk 0:02:59]}  Nbd7 {[%clk 0:02:48]} 7. Bd3 {[%clk 0:02:57]}  e5 {[%clk 0:02:43]} 8. Nge2 {[%clk 0:02:57]}  exd4 {[%clk 0:02:42]} 9. Bxd4 {[%clk 0:02:57]}  Nc5 {[%clk 0:02:39]} 10. O-O {[%clk 0:02:56]}  Ne6 {[%clk 0:02:17]} 11. Be3 {[%clk 0:02:54]}  Re8 {[%clk 0:02:05]} 12. Qd2 {[%clk 0:02:52]}  Nd7 {[%clk 0:01:48]} 13. Rad1 {[%clk 0:02:35]}  a5 {[%clk 0:01:37]} 14. b3 {[%clk 0:02:33]}  Ne5 {[%clk 0:01:37]} 15. Bc2 {[%clk 0:02:32]}  Bd7 {[%clk 0:01:35]} 16. Nd5 {[%clk 0:02:28]}  Bc6 {[%clk 0:01:32]} 17. a4 {[%clk 0:02:17]}  Qh4 {[%clk 0:01:17]} 18. h3 {[%clk 0:01:54]}  Qd8 {[%clk 0:01:07]} 19. f4 {[%clk 0:01:50]}  Nd7 {[%clk 0:01:06]} 20. f5 {[%clk 0:01:47]}  Nec5 {[%clk 0:01:06]} 21. f6 {[%clk 0:01:21]}  Nxf6 {[%clk 0:01:00]} 22. Ng3 {[%clk 0:00:24]}  Nfxe4 {[%clk 0:00:47]} 23. Nxe4 {[%clk 0:00:22]}  Nxe4 {[%clk 0:00:34]} 24. Bxe4 {[%clk 0:00:18]}  Rxe4 {[%clk 0:00:35]} 25. Qf2 {[%clk 0:00:15]}  Bxd5 {[%clk 0:00:28]} 26. Rxd5 {[%clk 0:00:12]}  Qe7 {[%clk 0:00:26]} 27. Bg5 {[%clk 0:00:11]}  Qe6 {[%clk 0:00:15]} 28. Rd3 {[%clk 0:00:10]}  h6 {[%clk 0:00:13]} 29. Bd2 {[%clk 0:00:08]}  Re2 {[%clk 0:00:13]} 30. Qf3 {[%clk 0:00:06]}  Re8 {[%clk 0:00:13]} 31. Bc3 {[%clk 0:00:05]}  Bxc3 {[%clk 0:00:12]} 32. Rxc3 {[%clk 0:00:06]}  Re3 {[%clk 0:00:11]} 33. Rxe3 {[%clk 0:00:05]}  Qxe3+ {[%clk 0:00:12]} 34. Qxe3 {[%clk 0:00:06]}  Rxe3 {[%clk 0:00:13]} 35. Ra1 {[%clk 0:00:04]}  Rxb3 {[%clk 0:00:12]} 36. c5 {[%clk 0:00:04]}  dxc5 {[%clk 0:00:13]} 37. Rd1 {[%clk 0:00:05]}  c4 {[%clk 0:00:13]} 38. Rd7 {[%clk 0:00:05]}  c5 {[%clk 0:00:12]} 39. Rd8+ {[%clk 0:00:04]}  Kg7 {[%clk 0:00:12]} 40. Rc8 {[%clk 0:00:05]}  b6 {[%clk 0:00:12]} 41. Kh2 {[%clk 0:00:00]}  c3 {[%clk 0:00:13]} 0-1

[Event "April 9 Early 2024"]
[Site "Chess.com"]
[Date "2024.04.09"]
[Round "5"]
[White "Adam, Ernestina"]
[Black "Erden, Kadir"]
[Result "0-1"]
[Board "214"]
[WhiteFideId "165883"]
[BlackFideId "6305776"]
[WhiteTitle "WFM"]
[BlackTitle "FM"]
[WhiteElo "2242"]
[BlackElo "2411"]
[WhiteTeam "ARG"]
[BlackTeam "TUR"]
[WhiteClock "0:00:05"]
[BlackClock "0:00:08"]
[Variant "Standard"]

1. e4 {[%clk 0:03:00]}  c5 {[%clk 0:02:59]} 2. Nf3 {[%clk 0:03:01]}  d6 {[%clk 0:02:59]} 3. d4 {[%clk 0:03:01]}  cxd4 {[%clk 0:03:00]} 4. Nxd4 {[%clk 0:03:01]}  Nf6 {[%clk 0:03:01]} 5. Nc3 {[%clk 0:03:02]}  a6 {[%clk 0:03:01]} 6. h4 {[%clk 0:03:02]}  e6 {[%clk 0:02:57]} 7. Be2 {[%clk 0:02:51]}  b5 {[%clk 0:02:56]} 8. a3 {[%clk 0:02:48]}  Bb7 {[%clk 0:02:50]} 9. Qd3 {[%clk 0:02:44]}  Nbd7 {[%clk 0:02:49]} 10. f3 {[%clk 0:02:37]}  Ne5 {[%clk 0:02:38]} 11. Qd1 {[%clk 0:02:36]}  Rc8 {[%clk 0:02:36]} 12. O-O {[%clk 0:02:27]}  Nc4 {[%clk 0:02:20]} 13. Bxc4 {[%clk 0:02:26]}  Rxc4 {[%clk 0:02:21]} 14. Be3 {[%clk 0:02:25]}  d5 {[%clk 0:02:16]} 15. e5 {[%clk 0:02:21]}  Nd7 {[%clk 0:02:15]} 16. Bg5 {[%clk 0:02:19]}  Qb6 {[%clk 0:02:07]} 17. Be3 {[%clk 0:01:57]}  Nxe5 {[%clk 0:01:51]} 18. f4 {[%clk 0:01:56]}  Nc6 {[%clk 0:01:47]} 19. Nce2 {[%clk 0:01:51]}  Nxd4 {[%clk 0:01:41]} 20. Bxd4 {[%clk 0:01:49]}  Bc5 {[%clk 0:01:39]} 21. c3 {[%clk 0:01:48]}  O-O {[%clk 0:01:37]} 22. Qd3 {[%clk 0:01:37]}  Re8 {[%clk 0:01:19]} 23. Kh1 {[%clk 0:01:35]}  Bxd4 {[%clk 0:01:17]} 24. Nxd4 {[%clk 0:01:33]}  Qd8 {[%clk 0:01:14]} 25. Qg3 {[%clk 0:01:26]}  Qf6 {[%clk 0:01:13]} 26. Rae1 {[%clk 0:01:24]}  h6 {[%clk 0:01:06]} 27. Re5 {[%clk 0:01:22]}  Rc5 {[%clk 0:01:01]} 28. f5 {[%clk 0:01:21]}  Bc8 {[%clk 0:00:54]} 29. Rfe1 {[%clk 0:01:20]}  Rf8 {[%clk 0:00:48]} 30. fxe6 {[%clk 0:01:07]}  fxe6 {[%clk 0:00:48]} 31. Nxe6 {[%clk 0:01:07]}  Bxe6 {[%clk 0:00:46]} 32. Rxe6 {[%clk 0:01:07]}  Qf4 {[%clk 0:00:42]} 33. Qxf4 {[%clk 0:00:48]}  Rxf4 {[%clk 0:00:43]} 34. g3 {[%clk 0:00:47]}  Rf2 {[%clk 0:00:41]} 35. R1e2 {[%clk 0:00:47]}  Rxe2 {[%clk 0:00:40]} 36. Rxe2 {[%clk 0:00:46]}  Kf7 {[%clk 0:00:39]} 37. Kg1 {[%clk 0:00:46]}  Rc4 {[%clk 0:00:37]} 38. Rd2 {[%clk 0:00:43]}  Ke6 {[%clk 0:00:37]} 39. Kf2 {[%clk 0:00:43]}  Ke5 {[%clk 0:00:37]} 40. Ke3 {[%clk 0:00:43]}  Re4+ {[%clk 0:00:35]} 41. Kf3 {[%clk 0:00:42]}  h5 {[%clk 0:00:35]} 42. Rd3 {[%clk 0:00:32]}  a5 {[%clk 0:00:35]} 43. Rd2 {[%clk 0:00:32]}  a4 {[%clk 0:00:32]} 44. Rd3 {[%clk 0:00:27]}  d4 {[%clk 0:00:32]} 45. cxd4+ {[%clk 0:00:26]}  Rxd4 {[%clk 0:00:33]} 46. Re3+ {[%clk 0:00:27]}  Kd5 {[%clk 0:00:28]} 47. Re8 {[%clk 0:00:27]}  Kc4 {[%clk 0:00:28]} 48. Re5 {[%clk 0:00:19]}  g6 {[%clk 0:00:28]} 49. Rg5 {[%clk 0:00:17]}  Rd6 {[%clk 0:00:23]} 50. g4 {[%clk 0:00:12]}  hxg4+ {[%clk 0:00:23]} 51. Rxg4+ {[%clk 0:00:13]}  Kd3 {[%clk 0:00:19]} 52. Rb4 {[%clk 0:00:12]}  Rd5 {[%clk 0:00:18]} 53. Kg4 {[%clk 0:00:12]}  Kc2 {[%clk 0:00:17]} 54. Kf4 {[%clk 0:00:11]}  Rf5+ {[%clk 0:00:16]} 55. Kg4 {[%clk 0:00:12]}  Rc5 {[%clk 0:00:16]} 56. Kg3 {[%clk 0:00:10]}  Kb1 {[%clk 0:00:12]} 57. Kh3 {[%clk 0:00:10]}  Ka2 {[%clk 0:00:11]} 58. Kg3 {[%clk 0:00:08]}  Rd5 {[%clk 0:00:11]} 59. Kh3 {[%clk 0:00:06]}  Rd2 {[%clk 0:00:05]} 60. Rxb5 {[%clk 0:00:06]}  Rxb2 {[%clk 0:00:06]} 61. Rg5 {[%clk 0:00:05]}  Rb6 {[%clk 0:00:05]} 62. Rg3 {[%clk 0:00:04]}  Rb3 {[%clk 0:00:05]} 63. Kg4 {[%clk 0:00:03]}  Rxg3+ {[%clk 0:00:05]} 64. Kxg3 {[%clk 0:00:04]}  Kxa3 {[%clk 0:00:06]} 65. Kg4 {[%clk 0:00:05]}  Kb2 {[%clk 0:00:06]} 66. Kg5 {[%clk 0:00:06]}  a3 {[%clk 0:00:07]} 67. Kxg6 {[%clk 0:00:07]}  a2 {[%clk 0:00:07]} 68. h5 {[%clk 0:00:07]}  a1=Q {[%clk 0:00:08]} 69. h6 {[%clk 0:00:08]}  Qa6+ {[%clk 0:00:08]} 70. Kg7 {[%clk 0:00:09]}  Qb7+ {[%clk 0:00:08]} 71. Kg8 {[%clk 0:00:09]}  Qc8+ {[%clk 0:00:08]} 72. Kg7 {[%clk 0:00:10]}  Qg4+ {[%clk 0:00:08]} 73. Kh8 {[%clk 0:00:08]}  Qd4+ {[%clk 0:00:06]} 74. Kg8 {[%clk 0:00:08]}  Qd5+ {[%clk 0:00:06]} 75. Kg7 {[%clk 0:00:08]}  Qe5+ {[%clk 0:00:07]} 76. Kg8 {[%clk 0:00:08]}  Qe6+ {[%clk 0:00:07]} 77. Kg7 {[%clk 0:00:08]}  Qe5+ {[%clk 0:00:04]} 78. Kg8 {[%clk 0:00:08]}  Qg5+ {[%clk 0:00:04]} 79. Kh7 {[%clk 0:00:05]}  Kc3 {[%clk 0:00:05]} 80. Kh8 {[%clk 0:00:02]}  Qxh6+ {[%clk 0:00:06]} 81. Kg8 {[%clk 0:00:02]}  Qe6+ {[%clk 0:00:05]} 82. Kh8 {[%clk 0:00:03]}  Kd4 {[%clk 0:00:06]} 83. Kg7 {[%clk 0:00:04]}  Ke5 {[%clk 0:00:06]} 84. Kh7 {[%clk 0:00:04]}  Qg4 {[%clk 0:00:07]} 85. Kh8 {[%clk 0:00:05]}  Kf6 {[%clk 0:00:07]} 86. Kh7 {[%clk 0:00:05]}  Qg7# {[%clk 0:00:08]} 0-1

[Event "April 9 Early 2024"]
[Site "Chess.com"]
[Date "2024.04.09"]
[Round "5"]
[White "Da Silva, Giovanni B Tavares"]
[Black "Wueest, Andrin"]
[Result "1/2-1/2"]
[Board "216"]
[WhiteFideId "22743090"]
[BlackFideId "1300881"]
[BlackTitle "CM"]
[WhiteElo "2210"]
[BlackElo "2406"]
[WhiteTeam "BRA"]
[BlackTeam "SUI"]
[WhiteClock "0:00:05"]
[BlackClock "0:00:59"]
[Variant "Standard"]

1. e4 {[%clk 0:03:00]}  e6 {[%clk 0:02:59]} 2. d4 {[%clk 0:03:00]}  d5 {[%clk 0:02:59]} 3. Nd2 {[%clk 0:03:00]}  Nf6 {[%clk 0:02:58]} 4. e5 {[%clk 0:03:00]}  Nfd7 {[%clk 0:02:58]} 5. c3 {[%clk 0:03:01]}  c5 {[%clk 0:02:59]} 6. Bd3 {[%clk 0:03:01]}  Nc6 {[%clk 0:02:59]} 7. Ne2 {[%clk 0:03:02]}  cxd4 {[%clk 0:02:59]} 8. cxd4 {[%clk 0:03:03]}  f6 {[%clk 0:02:54]} 9. exf6 {[%clk 0:03:04]}  Qxf6 {[%clk 0:02:54]} 10. Nf3 {[%clk 0:03:04]}  h6 {[%clk 0:02:53]} 11. O-O {[%clk 0:03:05]}  Bd6 {[%clk 0:02:54]} 12. Ng3 {[%clk 0:03:04]}  O-O {[%clk 0:02:53]} 13. a3 {[%clk 0:02:57]}  e5 {[%clk 0:02:47]} 14. dxe5 {[%clk 0:02:57]}  Ndxe5 {[%clk 0:02:47]} 15. Nxe5 {[%clk 0:02:57]}  Nxe5 {[%clk 0:02:47]} 16. Bc2 {[%clk 0:02:55]}  Be6 {[%clk 0:02:44]} 17. Bd2 {[%clk 0:02:41]}  d4 {[%clk 0:02:37]} 18. Ne4 {[%clk 0:02:31]}  Qe7 {[%clk 0:02:37]} 19. Nxd6 {[%clk 0:02:31]}  Qxd6 {[%clk 0:02:37]} 20. Bb4 {[%clk 0:02:28]}  Qd5 {[%clk 0:02:32]} 21. Bxf8 {[%clk 0:02:19]}  Rxf8 {[%clk 0:02:18]} 22. Bd3 {[%clk 0:01:24]}  Bd7 {[%clk 0:02:02]} 23. f3 {[%clk 0:01:23]}  Nxd3 {[%clk 0:01:58]} 24. Qxd3 {[%clk 0:01:22]}  Bb5 {[%clk 0:01:59]} 25. Qe4 {[%clk 0:01:00]}  Qxe4 {[%clk 0:01:59]} 26. fxe4 {[%clk 0:01:00]}  Bxf1 {[%clk 0:01:59]} 27. Rxf1 {[%clk 0:01:00]}  Rc8 {[%clk 0:01:46]} 28. Rd1 {[%clk 0:00:56]}  Rc2 {[%clk 0:01:42]} 29. Rxd4 {[%clk 0:00:54]}  Rxb2 {[%clk 0:01:43]} 30. e5 {[%clk 0:00:49]}  Re2 {[%clk 0:01:39]} 31. Rd8+ {[%clk 0:00:49]}  Kh7 {[%clk 0:01:39]} 32. Rd7 {[%clk 0:00:44]}  Rxe5 {[%clk 0:01:39]} 33. Rxb7 {[%clk 0:00:44]}  Ra5 {[%clk 0:01:40]} 34. Rb3 {[%clk 0:00:44]}  h5 {[%clk 0:01:38]} 35. Kf2 {[%clk 0:00:44]}  Kh6 {[%clk 0:01:37]} 36. Kf3 {[%clk 0:00:41]}  Kg5 {[%clk 0:01:35]} 37. Rd3 {[%clk 0:00:40]}  g6 {[%clk 0:01:31]} 38. g3 {[%clk 0:00:39]}  h4 {[%clk 0:01:27]} 39. h3 {[%clk 0:00:17]}  hxg3 {[%clk 0:01:26]} 40. Kxg3 {[%clk 0:00:18]}  Kf5 {[%clk 0:01:21]} 41. h4 {[%clk 0:00:18]}  Ra4 {[%clk 0:01:19]} 42. Rf3+ {[%clk 0:00:17]}  Ke6 {[%clk 0:01:18]} 43. Rd3 {[%clk 0:00:13]}  Kf6 {[%clk 0:01:17]} 44. Kh3 {[%clk 0:00:14]}  Kg7 {[%clk 0:01:16]} 45. Kg3 {[%clk 0:00:14]}  Kh6 {[%clk 0:01:16]} 46. Rc3 {[%clk 0:00:12]}  Kh5 {[%clk 0:01:16]} 47. Rc5+ {[%clk 0:00:12]}  Kh6 {[%clk 0:01:15]} 48. Rc3 {[%clk 0:00:13]}  Rd4 {[%clk 0:01:15]} 49. Kh3 {[%clk 0:00:12]}  Kh5 {[%clk 0:01:13]} 50. Rc5+ {[%clk 0:00:11]}  Kh6 {[%clk 0:01:14]} 51. Rc3 {[%clk 0:00:11]}  Kg7 {[%clk 0:01:14]} 52. Rc7+ {[%clk 0:00:11]}  Kh6 {[%clk 0:01:13]} 53. Rxa7 {[%clk 0:00:11]}  Rd3+ {[%clk 0:01:12]} 54. Kg4 {[%clk 0:00:11]}  Rd4+ {[%clk 0:01:12]} 55. Kg3 {[%clk 0:00:11]}  Rd3+ {[%clk 0:01:13]} 56. Kf2 {[%clk 0:00:11]}  Rd4 {[%clk 0:01:12]} 57. a4 {[%clk 0:00:08]}  Rxh4 {[%clk 0:01:12]} 58. a5 {[%clk 0:00:09]}  Ra4 {[%clk 0:01:12]} 59. a6 {[%clk 0:00:09]}  Kg5 {[%clk 0:01:11]} 60. Ra8 {[%clk 0:00:10]}  Kg4 {[%clk 0:01:10]} 61. a7 {[%clk 0:00:09]}  g5 {[%clk 0:01:10]} 62. Ke3 {[%clk 0:00:07]}  Kg3 {[%clk 0:01:09]} 63. Rg8 {[%clk 0:00:06]}  Ra3+ {[%clk 0:01:03]} 64. Ke4 {[%clk 0:00:05]}  Rxa7 {[%clk 0:01:01]} 65. Rxg5+ {[%clk 0:00:05]}  Kf2 {[%clk 0:00:59]} 66. Rf5+ {[%clk 0:00:05]} 1/2-1/2

[Event "April 9 Early 2024"]
[Site "Chess.com"]
[Date "2024.04.09"]
[Round "5"]
[White "Dilmukhametov, Artur"]
[Black "Kiseljova, Marya"]
[Result "1-0"]
[Board "217"]
[WhiteFideId "24179922"]
[BlackFideId "4155009"]
[WhiteTitle "FM"]
[BlackTitle "WFM"]
[WhiteElo "2403"]
[BlackElo "2239"]
[WhiteTeam "RUS"]
[BlackTeam "RUS"]
[WhiteClock "0:00:10"]
[BlackClock "0:00:00"]
[Variant "Standard"]

1. e4 {[%clk 0:02:56]}  c5 {[%clk 0:02:59]} 2. Nf3 {[%clk 0:02:56]}  Nc6 {[%clk 0:02:59]} 3. d4 {[%clk 0:02:56]}  cxd4 {[%clk 0:02:59]} 4. Nxd4 {[%clk 0:02:57]}  g6 {[%clk 0:03:00]} 5. Nc3 {[%clk 0:02:57]}  Bg7 {[%clk 0:03:00]} 6. Be3 {[%clk 0:02:57]}  Nf6 {[%clk 0:03:00]} 7. f3 {[%clk 0:02:58]}  O-O {[%clk 0:03:00]} 8. g4 {[%clk 0:02:59]}  d5 {[%clk 0:02:54]} 9. g5 {[%clk 0:02:58]}  Nh5 {[%clk 0:02:53]} 10. exd5 {[%clk 0:02:24]}  Nb4 {[%clk 0:02:15]} 11. Bc4 {[%clk 0:02:07]}  Qc7 {[%clk 0:02:11]} 12. Bb3 {[%clk 0:02:03]}  Bh3 {[%clk 0:02:05]} 13. Qd2 {[%clk 0:01:59]}  Rfd8 {[%clk 0:01:41]} 14. a3 {[%clk 0:01:44]}  Na6 {[%clk 0:01:40]} 15. O-O-O {[%clk 0:01:44]}  Nc5 {[%clk 0:01:40]} 16. Ba2 {[%clk 0:01:43]}  a6 {[%clk 0:01:36]} 17. Ne4 {[%clk 0:01:10]}  Rac8 {[%clk 0:01:19]} 18. Ng3 {[%clk 0:01:02]}  b5 {[%clk 0:00:34]} 19. Nxh5 {[%clk 0:01:00]}  gxh5 {[%clk 0:00:35]} 20. Kb1 {[%clk 0:00:43]}  Na4 {[%clk 0:00:28]} 21. Nc6 {[%clk 0:00:38]}  Rd6 {[%clk 0:00:22]} 22. Bd4 {[%clk 0:00:22]}  Bxd4 {[%clk 0:00:08]} 23. Qxd4 {[%clk 0:00:23]}  Qxc6 {[%clk 0:00:05]} 24. dxc6 {[%clk 0:00:20]}  Rxd4 {[%clk 0:00:06]} 25. Rxd4 {[%clk 0:00:21]}  Rxc6 {[%clk 0:00:06]} 26. Rhd1 {[%clk 0:00:17]}  Bf5 {[%clk 0:00:06]} 27. R1d2 {[%clk 0:00:15]}  Nb6 {[%clk 0:00:05]} 28. Rf4 {[%clk 0:00:14]}  e6 {[%clk 0:00:05]} 29. Rfd4 {[%clk 0:00:09]}  Kg7 {[%clk 0:00:05]} 30. Rd6 {[%clk 0:00:09]}  Rxd6 {[%clk 0:00:04]} 31. Rxd6 {[%clk 0:00:10]}  Na4 {[%clk 0:00:04]} 32. Rc6 {[%clk 0:00:06]}  a5 {[%clk 0:00:04]} 33. b3 {[%clk 0:00:06]}  b4 {[%clk 0:00:02]} 34. bxa4 {[%clk 0:00:06]}  bxa3 {[%clk 0:00:03]} 35. Bb3 {[%clk 0:00:07]}  a2+ {[%clk 0:00:02]} 36. Kxa2 {[%clk 0:00:07]}  Bh3 {[%clk 0:00:02]} 37. c4 {[%clk 0:00:07]}  Kg6 {[%clk 0:00:03]} 38. c5 {[%clk 0:00:07]}  Bg2 {[%clk 0:00:03]} 39. Rc8 {[%clk 0:00:08]}  Bxf3 {[%clk 0:00:03]} 40. c6 {[%clk 0:00:09]}  Kxg5 {[%clk 0:00:02]} 41. c7 {[%clk 0:00:09]}  Bb7 {[%clk 0:00:02]} 42. Rb8 {[%clk 0:00:09]}  Ba6 {[%clk 0:00:02]} 43. Ra8 {[%clk 0:00:09]}  Bb7 {[%clk 0:00:02]} 44. Rb8 {[%clk 0:00:09]}  Ba6 {[%clk 0:00:03]} 45. Ka3 {[%clk 0:00:09]}  Kh4 {[%clk 0:00:03]} 46. Bc4 {[%clk 0:00:09]}  Bxc4 {[%clk 0:00:02]} 47. c8=Q {[%clk 0:00:10]}  Bd5 {[%clk 0:00:03]} 48. Qc5 {[%clk 0:00:10]}  Kh3 {[%clk 0:00:04]} 49. Qe3+ {[%clk 0:00:10]}  Kxh2 {[%clk 0:00:00]} 50. Rb2+ {[%clk 0:00:10]} 1-0